Année 2020 en anagrammes - Statistiques

Statistiques générales
  • Ce quiz a été pris 371 fois
  • Le résultat moyen est 5 sur 15
Statistiques - réponses
Anagrammes Mots % Correct
0022 2020
97%
viodc Covid
83%
ipfezr Pfizer
67%
muprt Trump
46%
ccanvi Vaccin
44%
nontcfeiem Confinement
39%
qmsaeu Masque
38%
iedbn Biden
36%
cmpolotseit Complotiste
36%
hnawu Wuhan
33%
-iunstesta États-Unis
10%
éléttarilav Télétravail
10%
rirsha Harris
8%
eeclinot Élection
2%
sidnataicitano Distanciation
1%
Aucun quiz correspondant
Distribution des résultats
% des personnes avec chaque résultat
Percentile par nombre de réponses
Votre historique - résultats
Vous n’avez pas pris ce quiz